| 000 | 01153cam a2200289 4500 | ||
|---|---|---|---|
| 001 | ABS67934 | ||
| 008 | 040621n2004 000 0 eng u | ||
| 035 | _a(Sirsi) u126534 | ||
| 100 | _aSmith, J. | ||
| 245 | _aUnderstanding demand for home-ownership: aspirations, risks and rewards | ||
| 260 | _c2004 | ||
| 490 |
_aCML Housing Finance _v(62) Summer 2004, 10-23(14) |
||
| 520 | _aPresents evidence from the 2003 "CML annual mortgage market survey" undertaken by MORI for the Council of Mortgage Lenders to explore what lies behind households' demand for home-ownership. Profiles borrower characteristics, looks at the home-ownership gap and examines the perceptions of the rewards and risks of home-ownership. Charts and tables cover supporting data from the survey and other sources. References. | ||
| 590 | _aABS | ||
| 590 | _aABS | ||
| 650 | _aMORTGAGE PROTECTION | ||
| 650 | _aINVESTMENT VALUE | ||
| 650 | _aSECURITY | ||
| 650 | _aHOUSEHOLDS | ||
| 650 | _aMORTGAGES | ||
| 650 | _aHOME OWNERSHIP | ||
| 650 | _aMORTGAGE MARKET | ||
| 650 | _aHOME-OWNERS | ||
| 650 | _aGREAT BRITAIN | ||
| 690 | _aHOUSING-MARKET | ||
| 942 | _n0 | ||
| 999 |
_c117554 _d117554 |
||